000 00489nam a2200181Ia 4500
005 20250508154258.0
008 008 250505s9999 xx 000 0 eng d
037 _aTextual
040 _aFEDL
_beng
_cFEDL
041 _aeng
_2eng
084 _a608.7, GAR
_qFEDL
100 _aGarrett Alfred B
_9765221
245 0 _aFlash of genius
260 _aPrinceton
_bD Van Nostrand Company
_c1963
300 _ax,249p.
942 _cTEXL
_h608.7, GAR
999 _c1349325
_d1349325